Henderson v City of Glasgow District Council (Record no. 23884)

MARC details
000 -LEADER
fixed length control field 01583cab a2200253 4500
001 - CONTROL NUMBER
control field E2005
008 - FIXED-LENGTH DATA ELEMENTS--GENERAL INFORMATION
fixed length control field 090401t1994 xxu||||| |||| 00| 0 eng d
035 ## - SYSTEM CONTROL NUMBER
System control number (Sirsi) u36906
041 ## - LANGUAGE CODE
Language code of text/sound track or separate title eng
245 ## - TITLE STATEMENT
Title Henderson v City of Glasgow District Council
260 ## - PUBLICATION, DISTRIBUTION, ETC.
Date of publication, distribution, etc. 1994
350 ## - PRICE (NR) (BK AM CF MU VM SE) [OBSOLETE]
Price 0
490 ## - SERIES STATEMENT
Series statement Scots Law Times
Volume/sequential designation 1994 SLT 263-267(5)
520 ## - SUMMARY, ETC.
Summary, etc. Extra Division 24 March 1993. Landlord and tenant - public sector housing - tenants` rights - purchase of dwellinghouse - conditions in offer to sell - pre-emption clause in landlord`s title - offer issued by Lands Tribunal following finding that tenant entitled to purchase - Lands Tribunal not requested to make finding of right to purchase subject to right of pre-emption - whether tribunal obliged or entitled to include condition in offer regarding right of pre-emption - Housing (Scotland) Act 1987 (c.26), s.68(4). Process- appeal - appeal from decision of tribunal - competency - application to Lands Tribunal for finding that tenant entitled to purchase - subsequent declaration by tribunal that such notices had been issued as were required to complete purchase procedure - whether a "decision" from which appeal could be taken - Tribunals and Inquiries Act 1992 (c.53), s.11(1).
650 ## - SUBJECT ADDED ENTRY--TOPICAL TERM
Topical term or geographic name entry element HOUSING (SCOTLAND) ACT 1987
650 ## - SUBJECT ADDED ENTRY--TOPICAL TERM
Topical term or geographic name entry element LANDS TRIBUNAL FOR SCOTLAND
650 ## - SUBJECT ADDED ENTRY--TOPICAL TERM
Topical term or geographic name entry element PRE-EMPTION
650 ## - SUBJECT ADDED ENTRY--TOPICAL TERM
Topical term or geographic name entry element PUBLIC SECTOR HOUSING
650 ## - SUBJECT ADDED ENTRY--TOPICAL TERM
Topical term or geographic name entry element TENANTS' RIGHTS
650 ## - SUBJECT ADDED ENTRY--TOPICAL TERM
Topical term or geographic name entry element TRIBUNALS AND INQUIRIES ACT 1992
690 ## - LOCAL SUBJECT ADDED ENTRY--TOPICAL TERM (OCLC, RLIN)
Topical term or geographic name as entry element LANDLORD AND TENANT-CASE LAW-RESIDENTIAL TENANCIES
942 ## - ADDED ENTRY ELEMENTS (KOHA)
Suppress in OPAC 0
948 ## - LOCAL PROCESSING INFORMATION (OCLC); SERIES PART DESIGNATOR (RLIN)
c (OCLC) 04/03/1997
Holdings
Withdrawn status Lost status Source of classification or shelving scheme Damaged status Not for loan Home library Current library Shelving location Date acquired Total Checkouts Full call number Barcode Date last seen Copy number Price effective from Koha item type
    Dewey Decimal Classification     London London Journal article 14/09/1999   E2005 36906-1001 06/08/2019 1 06/08/2019 Law report